| 000 | 01339 a2200265 4500 | ||
|---|---|---|---|
| 020 | _a0470015675 | ||
| 040 |
_aDLC _bDLC |
||
| 082 | _a621.3845 | ||
| 245 | 0 | 0 |
_aUnderstanding UMTS radio network modelling, planning and automated optimisation : theory and practice _bMaciej J. Nawrocki, Mischa Dohler, A. Hamid Aghvami. |
| 246 | 3 | _aUnderstanding Universal Mobile Telecommunications System radio network modelling, planning and automated optimisation. | |
| 246 | 3 | _aUnderstanding UMTS radio network modelling, planning and automated optimisation [electronic resource] | |
| 260 |
_aChichester ; _aHoboken, NJ : _bJohn Wiley & Sons, _cc2006. |
||
| 300 |
_axxxiv, 510 p. : _bill. ; _c25 cm. |
||
| 538 | _aMode of access: World Wide Web. | ||
| 538 | _aSystem requirements : Internet connectivity, World Wide Web browser, Adobe Acrobat reader required to view and print file. | ||
| 650 | 0 | _aGlobal system for mobile communications. | |
| 650 | 0 |
_aRadio _xTransmitters and transmission. |
|
| 650 | 0 | _aCode division multiple access. | |
| 700 | 1 | _aNawrocki, Maciej J. | |
| 700 | 1 | _aDohler, Mischa. | |
| 700 | 1 | _aAghvami, A. Hamid. | |
| 710 | 2 | _aWiley InterScience (Online service) | |
| 856 | 4 | 1 | _uhttp://libproxy1.nus.edu.sg/login?url=http://www3.interscience.wiley.com/cgi-bin/homepage/?isbn=9780470030561 |
| 942 |
_cBK _k621.3845 NAW _2ddc |
||
| 999 |
_c8374 _d8374 |
||